| 000 | 00853nam a2200289Ki 4500 | ||
|---|---|---|---|
| 999 |
_c6197 _d6197 |
||
| 001 | 38228350 | ||
| 003 | OCoLC | ||
| 005 | 20190116104540.0 | ||
| 008 | 980120s1997 enka b 000 0 eng d | ||
| 020 | _a9781490820354 | ||
| 035 | _zMLC 199801 | ||
| 040 |
_aNYP _erda _cNYP _beng |
||
| 082 |
_a253 _bW899C |
||
| 090 | _aBR115.W6 | ||
| 245 | 0 | 0 |
_aChanging Church: It's Never Too Late / _cBy Gallen Woodward. |
| 264 | 1 |
_aUSA : _bWestbow Press, _cc2014. |
|
| 300 |
_avii, 198 pages : _billustrations ; _c24 cm |
||
| 336 |
_atext _btxt _2rdacontent |
||
| 337 |
_aunmediated _bn _2rdamedia |
||
| 338 |
_avolume _bnc _2rdacarrier |
||
| 504 | _aIncludes bibliogrphical references (pages [196]-198) | ||
| 610 | 2 | 0 | _aChristians in Public Life (Organization) |
| 650 | 0 | _aChurch and the world | |
| 650 | 0 | _aChurch | |
| 700 | 1 | _aClark, David | |
| 942 |
_2ddc _cBK |
||